Автоматизированная система тестирования качества обучения "Эмпирик"; Современные техника и технологии; Т. 3

Dades bibliogràfiques
Parent link:Современные техника и технологии: 14 Международная научно-практическая конференция студентов, аспирантов и молодых ученых, г. Томск, 24-28 марта 2008 г./ Томский политехнический университет (ТПУ).— , 2008
Т. 3.— 2008.— С. 245-247
Autor principal: Лепустин А. В. Алексей Владимирович
Altres autors: Кацман Ю. Я. Юлий Янович
Idioma:rus
Publicat: 2008
Matèries:
Format: MixedMaterials Capítol de llibre
KOHA link:https://koha.lib.tpu.ru/cgi-bin/koha/opac-detail.pl?biblionumber=152638

MARC

LEADER 00000naa2a2200000 4500
001 152638
005 20231031151109.0
035 |a (RuTPU)RU\TPU\book\165495 
090 |a 152638 
100 |a 20090203d2008 k y0rusy50 ca 
101 0 |a rus 
102 |a RU 
200 1 |a Автоматизированная система тестирования качества обучения "Эмпирик"  |f А. В. Лепустин, Ю. Я. Кацман 
320 |a Библиогр.: 6 назв. 
461 1 |0 (RuTPU)RU\TPU\book\156858  |t Современные техника и технологии  |o 14 Международная научно-практическая конференция студентов, аспирантов и молодых ученых, г. Томск, 24-28 марта 2008 г.  |o труды  |o в 3 т.  |f Томский политехнический университет (ТПУ)  |d 2008 
463 0 |0 (RuTPU)RU\TPU\book\155178  |t Т. 3  |v С. 245-247  |d 2008  |p 621 с. 
610 1 |a тестирование 
610 1 |a обучение 
610 1 |a качество 
610 1 |a автоматизированные системы 
610 1 |a образовательные системы 
610 1 |a контроль 
610 1 |a модели 
610 1 |a системы тестирования 
610 1 |a Эмпирик 
610 1 |a труды учёных ТПУ 
700 1 |a Лепустин  |b А. В.  |c специалист в области информатики и вычислительной техники  |c старший преподаватель Томского политехнического университета  |f 1984-  |g Алексей Владимирович  |2 stltpush  |3 (RuTPU)RU\TPU\pers\30289 
701 1 |a Кацман  |b Ю. Я.  |c специалист в области информатики и вычислительной техники  |c доцент Томского политехнического университета, кандидат технических наук  |f 1948-  |g Юлий Янович  |2 stltpush  |3 (RuTPU)RU\TPU\pers\29346 
801 1 |a RU  |b 63413507  |c 20090203  |g PSBO 
801 2 |a RU  |b 63413507  |c 20160408  |g RCR 
942 |c BK